| 000 | 00961nab a2200277 a 4500 | ||
|---|---|---|---|
| 005 | 20210219162048.0 | ||
| 008 | 991125s1985 mx 000 0 spa u | ||
| 035 | _aUPN01000197004 | ||
| 100 | 1 | _aMilojevic, Ana | |
| 100 | 1 | _uana.milojevic@fpn.bg.ac.rs | |
| 222 |
_aCOMUNICAR : _bREVISTA CIENTIFICA IBEROAMERICANA DE COMUNICACION Y EDUCACION |
||
| 245 | _aPropuestas metodológicas para el estudio de la interactividad en revistas de comunicación | ||
| 260 | _aHuelva, España | ||
| 300 | _a93-103 | ||
| 362 | 0 | _a2013 2a época, vol. 21, no. 41, oct. | |
| 653 | 0 | _aREVISTAS CIENTIFICAS | |
| 653 | 0 | _aCOMUNICACION | |
| 653 | 0 | _aINTERACTIVIDAD | |
| 653 | 0 | _aREDES SOCIALES | |
| 700 | 1 |
_aKleut, Jelena, _ecoaut. |
|
| 700 | 1 | _ukleut@neobee.net | |
| 700 | 1 |
_aNinkovic, Danka, _ecoaut. |
|
| 700 | 1 | _udninkovic@yahoo.com | |
| 856 | 1 | _uhttp://www.revistacomunicar.com/index.php?contenido=detalles&numero=41&articulo=41-2013-09 | |
| 905 | _aArticulo | ||
| 999 |
_c169105 _d169105 |
||